| 000 | 00738nam a2200217 a 4500 | ||
|---|---|---|---|
| 001 | BRCA_2518 | ||
| 005 | 20190320203840.0 | ||
| 008 | 251108s1936----nyua---###---#000-0#eng-u | ||
| 050 | 4 |
_aNK4565 _b.H93 1936 |
|
| 100 | 1 |
_aHyde, John Alden Lloyd _97235 |
|
| 245 | 1 | 0 |
_aOriental Lowestoft _bwith special reference to the trade with China and the porcelain decorated for the American market _cby John Alden Lloyd Hyde. |
| 260 |
_aNew York _bC. Scribner´s Sons _c1936 |
||
| 300 |
_a161 p. _bil., 30 láminas _c30 cm. |
||
| 500 | _aIncluye índice de láminas | ||
| 500 | _aA8 | ||
| 650 | 1 | 4 |
_aPorcelana china _91313 |
| 650 | 1 | 4 |
_aArte _xIndustria y comercio _97236 |
| 650 | 1 | 4 |
_aLowestoft, Cerámica de _97237 |
| 902 | _aGFM | ||
| 942 |
_2lcc _cB |
||
| 999 |
_c2259 _d2259 |
||